Vật lí 10 nâng cao
Sách gồm hai phần cơ học và nhiệt học
Enregistré dans:
| Auteur principal: | |
|---|---|
| Format: | Livre |
| Langue: | Undetermined |
| Publié: |
Hà Nội
Giáo dục Việt Nam
2020
|
| Sujets: | |
| Tags: |
Ajouter un tag
Pas de tags, Soyez le premier à ajouter un tag!
|
| Thư viện lưu trữ: | Trung tâm Học liệu Trường Đại học Cần Thơ |
|---|
| LEADER | 00711nam a2200217Ia 4500 | ||
|---|---|---|---|
| 001 | CTU_236614 | ||
| 008 | 210402s9999 xx 000 0 und d | ||
| 020 | |c 25000 | ||
| 082 | |a 530.0712 | ||
| 082 | |b Kh452 | ||
| 100 | |a Nguyễn, Thế Khôi | ||
| 245 | 0 | |a Vật lí 10 nâng cao | |
| 245 | 0 | |c Nguyễn Thế Khôi (Tổng chủ biên) | |
| 260 | |a Hà Nội | ||
| 260 | |b Giáo dục Việt Nam | ||
| 260 | |c 2020 | ||
| 520 | |a Sách gồm hai phần cơ học và nhiệt học | ||
| 650 | |a Physics,Vật lí | ||
| 650 | |x Study and teaching (Sacondary),Dạy và học (Trung học) | ||
| 904 | |i Hải | ||
| 980 | |a Trung tâm Học liệu Trường Đại học Cần Thơ | ||